000 00652nam a2200193Ia 4500
008 240729s9999 xx 000 0 und d
022 _a2397-4621
245 0 _anpj Flexible Electronics
260 _aUnited Kingdom
260 _bNature Portfolio
650 _a Electrical engineering. Electronics. Nuclear engineering
650 _a Electrical engineering. Electronics. Nuclear engineering
650 _a Electronics | Technology
650 _a Materials of engineering and construction. Mechanics of materials
650 _aTechnology
856 _uhttps://doaj.org/toc/9ef26fac309c4b1a8219b6f0fb107702
942 _2ddc
942 _cDOAJEJ
999 _c74185
_d74185
945 _a1
_bMadushi Gamage
_c1
_dMadushi Gamage